Casebook on corporate governance and management practices in Pakistani organizations / (Record no. 529405)

000 -LEADER
fixed length control field 01194cam a2200361 i 4500
001 - CONTROL NUMBER
control field 20152152
003 - CONTROL NUMBER IDENTIFIER
control field NUST
005 - DATE AND TIME OF LATEST TRANSACTION
control field 20190925124004.0
008 - FIXED-LENGTH DATA ELEMENTS--GENERAL INFORMATION
fixed length control field 171123s2017 pk 000 0 eng
010 ## - LIBRARY OF CONGRESS CONTROL NUMBER
LC control number 2017332839
020 ## - INTERNATIONAL STANDARD BOOK NUMBER
International Standard Book Number 9780199405497
025 ## - OVERSEAS ACQUISITION NUMBER
Overseas acquisition number P-E-2017332839; 04
037 ## - SOURCE OF ACQUISITION
Source of stock number/acquisition Library of Congress -- Islamabad Overseas Office
038 ## - RECORD CONTENT LICENSOR
Staff Name A
040 ## - CATALOGING SOURCE
Original cataloging agency DLC
Language of cataloging eng
Transcribing agency DLC
Description conventions rda
042 ## - AUTHENTICATION CODE
Authentication code lcode
-- pcc
043 ## - GEOGRAPHIC AREA CODE
Geographic area code a-pk---
050 00 - LIBRARY OF CONGRESS CALL NUMBER
Classification number HD2741
Item number .A445 2017
082 ## - DEWEY DECIMAL CLASSIFICATION NUMBER
Classification number 658.4092 AHM
100 1# - MAIN ENTRY--PERSONAL NAME
Personal name Ahmed, Muntazar Bashir,
Relator term author.
9 (RLIN) 21388
245 10 - TITLE STATEMENT
Title Casebook on corporate governance and management practices in Pakistani organizations /
Statement of responsibility, etc. Muntazar Bashir Ahmed.
250 ## - EDITION STATEMENT
Edition statement First edition.
264 #1 - PRODUCTION, PUBLICATION, DISTRIBUTION, MANUFACTURE, AND COPYRIGHT NOTICE
Place of production, publication, distribution, manufacture Karachi :
Name of producer, publisher, distributor, manufacturer Oxford University Press,
Date of production, publication, distribution, manufacture, or copyright notice 2017.
300 ## - PHYSICAL DESCRIPTION
Extent xvi, 231 pages ;
Dimensions 24 cm
336 ## - CONTENT TYPE
Content type term text
Content type code txt
Source rdacontent
337 ## - MEDIA TYPE
Media type term unmediated
Media type code n
Source rdamedia
338 ## - CARRIER TYPE
Carrier type term volume
Carrier type code nc
Source rdacarrier
650 #0 - SUBJECT ADDED ENTRY--TOPICAL TERM
Topical term or geographic name entry element Corporate governance
Geographic subdivision Pakistan
Form subdivision Case studies.
9 (RLIN) 21389
650 #0 - SUBJECT ADDED ENTRY--TOPICAL TERM
Topical term or geographic name entry element Industrial management
Geographic subdivision Pakistan
Form subdivision Case studies.
9 (RLIN) 21390
906 ## - LOCAL DATA ELEMENT F, LDF (RLIN)
a 7
b cbc
c origode
d 3
e ncip
f 20
g y-gencatlg
942 ## - ADDED ENTRY ELEMENTS (KOHA)
Source of classification or shelving scheme
Koha item type Book
Holdings
Withdrawn status Lost status Source of classification or shelving scheme Damaged status Not for loan Permanent Location Current Location Shelving location Date acquired Total Checkouts Full call number Barcode Date last seen Price effective from Koha item type
          Central Library (CL) Central Library (CL) Management Sciences 09/25/2019   658.4092 AHM NBS10381 09/25/2019 09/25/2019 Book
© 2023 Central Library, National University of Sciences and Technology. All Rights Reserved.